| 000 | 00435nam a2200169 i 4500 | ||
|---|---|---|---|
| 001 | bg | ||
| 100 | 1 | _aJAMES, Edward S. | |
| 245 | 0 |
_aFortran : _bkurs programowania / _cEdward S. James, Fergus O'Brien, Peter Whitehead. |
|
| 250 | _aWyd.2. | ||
| 260 |
_aWarszawa, _c1976. |
||
| 700 | 1 | _aO'BRIEN, Fergus | |
| 700 | 1 | _aWHITEHEAD, Peter | |
| 040 | _cBPK | ||
| 041 | _apol | ||
| 942 | _cKS | ||
| 008 | s pl f |000 0 pol | ||
| 999 |
_c27345 _d27345 |
||